000 00950nam a2200241Ia 4500
003 GCL
008 140319s9999 xx 000 0 ara d
020 _a5488801137
040 _aGCL /
_cGCL
082 0 4 _a915.1
_bب ج
100 1 _aفو، فريدة وانغ
245 1 0 _aجغرافية الصين :
_bالظروف الطبيعية - اقتصاد المناطق - المزايا الثقافية /
_cفو، فريدة وانغ
700 1 _aبينغ، تشنغ
260 _aالصين :
_bدار النشر الصينية عبر القارات ،
_c1999
300 _a183 ص ؛
_c22 سم
490 _aسلسلة اساسيات الصين
_v0
650 0 4 _aالصين - التنمية الاقتصادية
650 0 4 _aالصين - جغرافيا
650 0 4 _aالصين - الجغرافيا الطبيعية
650 0 4 _aالصين - تعداد السكان
650 0 4 _aالصين - عادات وتقاليد
942 _2ddc
_cBK
999 _c9028
_d9028